| 000 | 00377nam a2200169Ia 4500 | ||
|---|---|---|---|
| 100 | _aBell/David | ||
| 650 | _aINSTRUMENTATION | ||
| 250 | _a3 | ||
| 942 | _cBK | ||
| 366 | _f25 | ||
| 654 | _ainstrumentation | ||
| 245 | _aElectronic Instrumentation and measurements | ||
| 260 |
_bOxford _c2013 |
||
| 082 |
_a621.381 _bBEL |
||
| 300 | _a567 | ||
| 546 |
_aENGLISH _cPAMPHALETS |
||
| 999 |
_c24617 _d24617 |
||